| 000 | 00656ngm a22002417a 4500 | ||
|---|---|---|---|
| 005 | 20220608175933.0 | ||
| 008 | 150507b xxu||||| |||| 00| 0 spa d | ||
| 041 | _aspa | ||
| 082 | _a346 DVD | ||
| 110 |
_aUNED _93215 |
||
| 245 | _aNicoya... una historia | ||
| 260 | _aCosta Rica | ||
| 260 | _bUNED | ||
| 260 | _c2007 | ||
| 300 | _a12 minutos | ||
| 500 | _aDescripción de la geografía de Nicoya, turismo, zonas de más crecimiento y desarrollo, artesanía, playas, flora y fauna | ||
| 650 |
_aCOSTA RICA _963504 |
||
| 650 |
_aHISTORIA _943 |
||
| 650 |
_aNICOYA _97850 |
||
| 650 |
_aCHOROTEGAS _935377 |
||
| 650 |
_aNECOC _935378 |
||
| 942 | _cDVD | ||
| 999 |
_c5199 _d5199 |
||